000 00532nam a2200169Ia 4500
003 GCL
008 140319s9999 xx 000 0 ara d
040 _aGCL /
_cGCL
082 0 4 _a812.043
_bا غ
100 1 _aالسيد الشوربجى
245 1 0 _aالغريب: مسرحية من اربعة فصول /
_cالسيد الشوربجى
300 _a175 ص
490 _aالهيئة العامة للاستعلامات
_v0
650 0 4 _aالادب العربى
650 0 4 _aالمسرحيات العربية
942 _2ddc
_cBK
999 _c46996
_d46996